CONSTITUTIONAL LAW OF INDIA (Record no. 6934)

MARC details
000 -LEADER
fixed length control field 00459nam a22001817a 4500
005 - DATE AND TIME OF LATEST TRANSACTION
control field 20210904114000.0
008 - FIXED-LENGTH DATA ELEMENTS--GENERAL INFORMATION
fixed length control field 200608b xxu||||| |||| 00| 0 eng d
020 ## - INTERNATIONAL STANDARD BOOK NUMBER
ISBN 81-742-903-6
041 ## - LANGUAGE CODE
Language code of text/sound track or separate title eng
082 ## - DEWEY DECIMAL CLASSIFICATION NUMBER
Classification number 342.540 23
100 ## - MAIN ENTRY--AUTHOR NAME
Personal name MANOHAR, SUJATA.V.
245 ## - TITLE STATEMENT
Title CONSTITUTIONAL LAW OF INDIA
250 ## - EDITION STATEMENT
Edition statement (3RD ED.), 2010.
260 ## - PUBLICATION, DISTRIBUTION, ETC. (IMPRINT)
Place of publication LUCKNOW
Name of publisher EASTERN BOOK COMPANY LUCKNOW
300 ## - PHYSICAL DESCRIPTION
Number of Pages 1303, ixxx;p
650 ## - SUBJECT ADDED ENTRY--TOPICAL TERM
Topical Term LAW
942 ## - ADDED ENTRY ELEMENTS (KOHA)
Koha item type Books
Holdings
Lost status Damaged status Collection code Home library Current library Shelving location Date acquired Source of acquisition Cost, normal purchase price Full call number Accession Number Koha item type
    Reference JRU Library JRU Library SHELF-1-A 20/06/2020 PURCHESS 1500.00 342.540 23 24899 Books
    LAW JRU Library JRU Library SHELF-29-A 20/06/2020 PURCHESS 1500.00 342.540 23 24900 Books
    LAW JRU Library JRU Library SHELF-29-A 20/06/2020 PURCHESS 1500.00 342.540 23 24901 Books
    LAW JRU Library JRU Library SHELF-29-A 20/06/2020 PURCHESS 1500.00 342.540 23 24902 Books
    LAW JRU Library JRU Library SHELF-29-A 20/06/2020 PURCHESS 1500.00 342.540 23 24903 Books